| 000 | 02273nam a2200541 c 4500 | ||
|---|---|---|---|
| 001 | 52350 | ||
| 003 | ES-MaCES | ||
| 005 | 20251115040005.0 | ||
| 007 | cr ||||||||||| | ||
| 008 | 220627s2020 sp 000 ||spa d | ||
| 017 |
_aNA 1323-2020 _bDL |
||
| 020 | _a9788413454573 | ||
| 020 | _a9788413454597 (electrónico) | ||
| 040 |
_aES-MaCES _bspa _cES-MaCES |
||
| 245 | 0 | 0 |
_a4ª revolución industrial _p[V. 3] : retos de la sociedad y economía digital en la era Pos-Covid 19 _cCésar García Novoa, Luis A. Otero González (dirs.) ; Marcos R. Torres Carlos (coord.) ; autores, José María Alonso ... [et al.] |
| 250 | _a1ª ed | ||
| 260 |
_aCizur Menor (Navarra) _bAranzadi-Thomson Reuters _c2020 |
||
| 300 |
_a295 p. _c24 cm |
||
| 490 | 1 | _aEstudios | |
| 500 | _aLa obra constituye el 3º volumen de una serie de estudios jurídicos, económicos y filosóficos sobre el impacto de la 4ª Revolución industrial | ||
| 500 | _aDisponible en formato electrónico mediante la aplicación PROVIEW | ||
| 504 | _aBibliografía | ||
| 541 | _cCompra | ||
| 650 | 4 |
_aCovid-19 _939751 |
|
| 650 | 4 |
_anuevas tecnologías _930788 |
|
| 650 | 4 |
_atecnología de la información _930104 |
|
| 650 | 4 |
_ainteligencia artificial _930166 |
|
| 650 | 4 |
_acambio tecnológico _928236 |
|
| 650 | 4 |
_acambio social _927286 |
|
| 650 | 4 |
_areforma económica _929791 |
|
| 650 | 4 |
_aeconomía colaborativa _937923 |
|
| 650 | 4 |
_aadministración fiscal _927209 |
|
| 650 | 4 |
_aadministración financiera _927208 |
|
| 650 | 4 |
_aprotección de los datos _929496 |
|
| 650 | 4 |
_apropiedad intelectual _929444 |
|
| 650 | 4 |
_aevaluación del impacto _930732 |
|
| 650 | 4 |
_ainvestigación interdisciplinaria _928841 |
|
| 653 | 1 | 0 | _aEconomía |
| 700 | 1 |
_913004 _aGarcía Novoa, César _edir. |
|
| 700 | 1 |
_940395 _aOtero González, Luis A. _edir. |
|
| 700 | 1 |
_939450 _aTorres Carlos, Marcos R. _ecoord. |
|
| 700 | 1 |
_940488 _aAlonso Moral, José María |
|
| 787 | 0 |
_t4ª revolución industrial [V. 2] : la fiscalidad de la sociedad digital y tecnológica en España y Latinoamérica _w(ES-MaCES)52349 |
|
| 830 | 0 |
_aEstudios (Thomson Reuters-Aranzadi) _934937 |
|
| 856 | 4 |
_uhttps://miespacio.aranzadilaley.es/Account/Login _yLegalteca |
|
| 902 | _aLIB Libro | ||
| 942 |
_2CES _cBK _h0.0. |
||
| 999 |
_c52350 _d52350 |
||